书目信息 |
| 题名: |
装配式箱泵一体化消防给水泵站选用及安装-MX智慧型泵站
|
|
| 作者: | ;中国建筑标准设计研究院公司 , 江苏铭星供水设备公司 主编 ;中国建筑标准设计研究院 组织编制 | |
| 分册: | ||
| 出版信息: | 北京 中国计划出版社 2018.02 |
|
| 页数: | 41页 | |
| 开本: | 19x26cm | |
| 丛书名: | 国家建筑标准设计图集 | |
| 单 册: | ||
| 中图分类: | TU206 , TH38-64 , TH38-64 | |
| 科图分类: | ||
| 主题词: | 泵--jian zhu she ji--各种用途的--中国--图集 , 消防泵--xiao fang beng--建筑设计--中国--图集 | |
| 电子资源: | ||
| ISBN: | 978-7-5182-0833-3 | |
| 000 | 01648nam 2200313 450 | |
| 001 | 2131706699 | |
| 005 | 20210519085102.88 | |
| 010 | @a978-7-5182-0833-3@dCNY30.00 | |
| 100 | @a20180526d2018 em y0chiy50 ea | |
| 101 | 0 | @achi |
| 102 | @aCN@b110000 | |
| 105 | @aak z 000yy | |
| 200 | 1 | @a装配式箱泵一体化消防给水泵站选用及安装-MX智慧型泵站@AZhuang Pei Shi Xiang Beng Yi Ti Hua Xiao Fang Gei Shui Beng Zhan Xuan Yong Ji An Zhuang-MX Zhi Hui Xing Beng Zhan@e参考图集@e18CS01@f组织编制中国建筑标准设计研究院@Fzu zhi bian zhi zhong guo jian zhu biao zhun she ji yan jiu yuan |
| 210 | @a北京@c中国计划出版社@d2018.02 | |
| 215 | @a41页@c图@d19x26cm | |
| 225 | 2 | @a国家建筑标准设计图集 |
| 314 | @a本图集主编单位: 中国建筑标准设计研究院有限公司, 江苏铭星供水设备有限公司 | |
| 330 | @a本图集内容主要包括: 总说明、箱泵一体化消防泵站组合图、泵房配管系统图、泵房平面及剖面图、泵房尺寸选型表、泵站基础做法、配电系统框图、泵房防雷接地系统图和立式消防泵性能尺寸表等。图集条理清楚、选用方便、应用效果直观, 能满足设计和施工的需要。 | |
| 410 | 0 | @12001 @a国家建筑标准设计图集 |
| 606 | 0 | @a泵@Ajian zhu she ji@x各种用途的@y中国@j图集 |
| 606 | 0 | @a消防泵@Axiao fang beng@x建筑设计@y中国@j图集 |
| 690 | @aTU206@v5 | |
| 690 | @aTH38-64@v5 | |
| 690 | @aTH38-64@v4 | |
| 711 | 02 | @a中国建筑标准设计研究院公司@Azhong guo jian zhu biao zhun she ji yan jiu yuan gong si@4主编 |
| 711 | 02 | @a江苏铭星供水设备公司@Ajiang su ming xing gong shui she bei gong si@4主编 |
| 712 | 02 | @a中国建筑标准设计研究院@Azhong guo jian zhu biao zhun she ji yan jiu yuan@4组织编制 |
| 801 | 0 | @aCN@c20180711 |
| 905 | @a河南城建学院图书馆@b21417256-57@dTH38-64@eZ5671@f2 | |
| 装配式箱泵一体化消防给水泵站选用及安装-MX智慧型泵站:参考图集:18CS01/组织编制中国建筑标准设计研究院.-北京:中国计划出版社,2018.02 |
| 41页:图;19x26cm.-(国家建筑标准设计图集) |
| ISBN 978-7-5182-0833-3:CNY30.00 |
| 本图集内容主要包括: 总说明、箱泵一体化消防泵站组合图、泵房配管系统图、泵房平面及剖面图、泵房尺寸选型表、泵站基础做法、配电系统框图、泵房防雷接地系统图和立式消防泵性能尺寸表等。图集条理清楚、选用方便、应用效果直观, 能满足设计和施工的需要。 |
| ● |
| 相关链接 |
|
|
|
正题名:装配式箱泵一体化消防给水泵站选用及安装-M
索取号:TH38-64/Z5671
 
预约/预借
| 序号 | 登录号 | 条形码 | 馆藏地/架位号 | 状态 | 备注 |
| 1 | 1506720 | 215067200 | 市政与环境工程学院资料室/ [索取号:TH38-64/Z5671] | 在馆 | |
| 2 | 1506721 | 215067219 | 市政与环境工程学院资料室/ [索取号:TH38-64/Z5671] | 在馆 |